ბათუმის შოთა რუსთაველის სახელმწიფო უნივერსიტეტის ბიბლიოთეკა

Консульская служба (ბიბ.ჩანაწერი № 45709)

000 -LEADER
fixed length control field 00600nam a2200229Ia 4500
001 - CONTROL NUMBER
control field 12536
003 - CONTROL NUMBER IDENTIFIER
control field GE_BSU
008 - FIXED-LENGTH DATA ELEMENTS--GENERAL INFORMATION
fixed length control field 181216s||||||||xx |||||||||||||| ||und||
020 ## - INTERNATIONAL STANDARD BOOK NUMBER
International Standard Book Number 9785713314170
040 ## - CATALOGING SOURCE
Transcribing agency GE_BSU
080 ## - UNIVERSAL DECIMAL CLASSIFICATION NUMBER
Universal Decimal Classification number 341.8(075.8)
100 ## - MAIN ENTRY--PERSONAL NAME
Personal name Лапин,Г.Э.
245 ## - TITLE STATEMENT
Title Консульская служба
245 ## - TITLE STATEMENT
Statement of responsibility, etc. Ред.Л.И.Гецелевич
260 ## - PUBLICATION, DISTRIBUTION, ETC.
Place of publication, distribution, etc. Москва
260 ## - PUBLICATION, DISTRIBUTION, ETC.
Name of publisher, distributor, etc. Международные отношения
260 ## - PUBLICATION, DISTRIBUTION, ETC.
Date of publication, distribution, etc. 2012
300 ## - PHYSICAL DESCRIPTION
Extent 244стр.19см.
653 ## - INDEX TERM--UNCONTROLLED
Uncontrolled term Консульская служба
942 ## - ADDED ENTRY ELEMENTS (KOHA)
Koha item type წიგნი

არაა ხელმისაწვდომი ეგზემპლარები.